000 00443nam a22001817a 4500
999 _c6941
_d6939
005 20210904120934.0
008 200608b xxu||||| |||| 00| 0 eng d
020 _a8187197897
041 _aeng
082 _a347
100 _aSINGH, JUSTICE L.P AND MAJUMDAR , P.K.
_95879
245 _aJUDICIAL DICTIONARY
250 _a3rd. Ed.
260 _aDELHI
_bORIENT PUBLISHING COMPANY
300 _a1599;p
650 _aLAW
_95701
942 _cBK